000 00972 a2200241 4500
003 Nust
005 20170207165829.0
010 _a 2006271030
020 _a0534950973
040 _cNust
082 0 0 _a511.3
100 1 _aSipser, Michael.
245 1 0 _aIntroduction to the theory of computation E-Book
_cMichael Sipser.
250 _a2nd ed.
260 _aBoston :
_bThomson Course Technology,
_cc2006.
300 _axix, 431 p. :
_bill. ;
_c25 cm.
505 _aPt. 1 Automata and Languages (Page-29), Pt. 2 Computability Theory (Page-123), Pt. 3 Complexity Theory (Page-223).
650 0 _aComputational complexity.
650 0 _aMachine theory.
856 4 2 _3Contributor biographical information
_uhttp://www.loc.gov/catdir/enhancements/fy1103/2006271030-b.html
856 4 2 _3Publisher description
_uhttp://www.loc.gov/catdir/enhancements/fy1103/2006271030-d.html
856 4 2 _3Table of contents only
_uhttp://www.loc.gov/catdir/enhancements/fy1103/2006271030-t.html
942 _2ddc
_cBK
999 _c213188
_d213188